000 00473nam a2200193Ia 4500
008 170705s9999 xx 000 0 und d
020 _a9780439962940
245 4 _aThe rotten Romans :
245 _bsticker book /
245 _cby Terry Deary and Martin Brown.
260 _aNew York :
260 _bScholastic,
260 _c2003
300 _aunpaged :
300 _bcolor illustration ;
300 _c26cm.
440 _aHorrible histories.
500 _a840
999 _c337331
_d337331